Quản trị tài chính doanh nghiệp /
Cuốn sách nhằm đáp ứng nhu cầu của những sinh viên thuộc các ngành kinh tế và các nhà quản trị tài chính trong các doanh nghiệp vừa và nhỏ...
में बचाया:
| मुख्य लेखक: | |
|---|---|
| स्वरूप: | पुस्तक |
| भाषा: | Vietnamese |
| प्रकाशित: |
Tp.HCM :
Nxb Trẻ,
1999.
|
| विषय: | |
| टैग : |
टैग जोड़ें
कोई टैग नहीं, इस रिकॉर्ड को टैग करने वाले पहले व्यक्ति बनें!
|
| Thư viện lưu trữ: | Mạng thư viện Đại học Đà Nẵng |
|---|
| LEADER | 01123cam a2200361 i 4500 | ||
|---|---|---|---|
| 001 | 000042193 | ||
| 003 | 66 | ||
| 005 | 20041001092340.0 | ||
| 008 | 010301b1999 vm 000 vie | ||
| 020 | |c 40000 | ||
| 022 | |a T | ||
| 040 | |a IRC |c IRC |d IRC | ||
| 041 | 0 | |a vie | |
| 082 | 1 | 4 | |a 658.152 |b NG-S |
| 100 | 1 | |a Nguyễn Hải Sản. | |
| 245 | 1 | 0 | |a Quản trị tài chính doanh nghiệp / |c Nguyễn Hải Sản biên soạn. |
| 260 | |a Tp.HCM : |b Nxb Trẻ, |c 1999. | ||
| 300 | |a 441 tr. ; |c 24 cm. | ||
| 520 | 3 | |a Cuốn sách nhằm đáp ứng nhu cầu của những sinh viên thuộc các ngành kinh tế và các nhà quản trị tài chính trong các doanh nghiệp vừa và nhỏ... | |
| 630 | 0 | 4 | |a Kinh tế. |
| 630 | 0 | 4 | |a Quản trị tài chính. |
| 650 | 0 | 4 | |a Quản trị tài chính doanh nghiệp. |
| 650 | 0 | 4 | |a Tài chính doanh nghiệp |x Quản trị. |
| OWN | |a DUT | ||
| 999 | |a From the UDN01 | ||
| TYP | |a Monograph | ||
| TYP | |a Printed language | ||
| 980 | |a Mạng thư viện Đại học Đà Nẵng | ||